000 00751nam a2200121Ia 4500
008 220615s9999||||xx |||||||||||||| ||und||
245 0 _aThinking the Problematic
_bGenealogies and Explorations between Philosophy and the Sciences
546 _aEnglish[eng]
650 _aFrench Historical Epistemology;Problematic; Sustainability; Science; Philosophy of Science; History of Science; French History of Philosophy; History of Philosophy; Philosophy
700 _aLeistert, Oliver||Schrickel, Isabell
856 _uhttps://library.oapen.org/bitstream/20.500.12657/42806/1/9783839446409.pdf||https://library.oapen.org/bitstream/20.500.12657/42806/1/9783839446409.pdf||https://library.oapen.org/bitstream/20.500.12657/42806/1/9783839446409.pdf
942 _cEB
999 _c12385
_d12385